000 00755nam a22000977a 4500
008 160307b xxu||||| |||| 00| 0 eng d
100 _aBarnette, David W.
245 _aThe offset Berlin Post Office stamps of 1920
260 _aColumbus, OH
_bPublished by Diana S. Manchester [for The Inflation Study Group of the Germany Philatelic Society, Inc.],
_c1998
650 _aGermany | 1920 | I Mark | 1.25 Mark | 1.50 Mark | Errors and Varieties | Plates and Plating | Color | Perforation | Printing | Overprints and Surcharges | Provisionals and Forerunners | Inflation Issues | Inflation Period | 20th Century | Germany -- Allenstein (1920) | Danzig (1920-1939) | Marienwerder (1920) | Memel | Saar (1920-1935) | Collecting -- Identification | Covers | Postal History
999 _c1811
_d1811